[Event "Dortmund2"]
[Site "Dortmund"]
[Date "2006.05.27"]
[Round "9"]
[White "Skoecz, Stefan"]
[Black "Dedeck, Silvia"]
[Result "0-1"]
[WhiteElo "1231"]
[BlackElo "984"]
[PlyCount "114"]
[EventDate "2006.04.25"]
[EventType "tourn"]
[EventRounds "11"]
[EventCountry "GER"]
[SourceTitle "EXT 2007"]
[Source "ChessBase"]
[SourceDate "2006.11.23"]
[SourceVersion "1"]
[SourceVersionDate "2006.11.23"]
[SourceQuality "1"]

1. e4 e5 2. Nf3 Nc6 3. Bb5 Bc5 4. Bxc6 bxc6 5. Nxe5 Qf6 6. Nf3 d6 7. 0-0 Ne7 8. d3 Ng6 9. Nc3 a6 10. d4 Ba7 11. Re1 0-0 12. e5 Qd8 13. Bg5 Qd7 14. exd6 cxd6 15. Qd2 Re8 16. Rxe8+ Qxe8 17. Re1 Be6 18. d5 cxd5 19. Nxd5 Qd7 20. c3 Re8 21. Qe2 Kf8 22. Nb4 a5 23. Nc2 Bxa2 24. Qxe8+ Qxe8 25. Rxe8+ Kxe8 26. Ncd4 Bd5 27. Nb5 Bb8 28. Nfd4 Kd7 29. Nf5 f6 30. Be3 Bc4 31. Na3 d5 32. Nxg7 Ne5 33. Nh5 Ke6 34. Bf4 Bd6 35. Ng7+ Kf7 36. Nf5 Bxa3 37. bxa3 Bd3 38. Ne3 Ke6 39. Bxe5 fxe5 40. f3 h5 41. g4 d4 42. gxh5 dxe3 43. h6 Kf7 44. h7 Bxh7 45. Kf1 Bd3+ 46. Ke1 Kf6 47. Kd1 Kf5 48. Ke1 Kf4 49. Kd1 Kxf3 50. Ke1 Kg2 51. Kd1 Kxh2 52. Ke1 Kg2 53. Kd1 Kf2 54. Kc1 e2 55. Kb2 e1Q 56. Kb3 Qb1+ 57. Ka4 Qb5# 0-1

[Event "Dortmund op"]
[Site "Dortmund"]
[Date "2006.03.23"]
[Round "9.34"]
[White "Mueller, Michaela"]
[Black "Dedeck, Silvia"]
[Result "0-1"]
[WhiteElo "1098"]
[BlackElo "984"]
[PlyCount "60"]
[EventDate "2006.03.06"]
[EventType "swiss"]
[EventRounds "9"]
[EventCountry "GER"]
[SourceTitle "CBM 111 Extra"]
[Source "ChessBase"]
[SourceDate "2006.05.09"]
[SourceVersion "1"]
[SourceVersionDate "2006.05.09"]
[SourceQuality "1"]

1. d4 d5 2. e4 dxe4 3. Nc3 Nf6 4. f3 exf3 5. Nxf3 g6 6. Bc4 Bg7 7. Ne5 0-0 8. 0-0 e6 9. Be3 Nbd7 10. Qf3 c6 11. Bg5 Qb6 12. Nxd7 Qxd4+ 13. Qf2 Qxf2+ 14. Rxf2 Nxd7 15. Rb1 Bd4 16. Rbf1 Bxf2+ 17. Rxf2 f6 18. Bxe6+ Kg7 19. Bh4 Nc5 20. Bc4 Bf5 21. Bb3 Nxb3 22. axb3 Rad8 23. h3 b5 24. b4 Rd4 25. g4 Be4 26. Nxe4 Rxe4 27. c3 Re3 28. Kg2 g5 29. Bg3 Rd8 30. h4 Rdd3 0-1

[Event "Dortmund op"]
[Site "Dortmund"]
[Date "2006.03.20"]
[Round "7.29"]
[White "Skoecz, Horst"]
[Black "Dedeck, Silvia"]
[Result "1-0"]
[WhiteElo "1456"]
[BlackElo "984"]
[PlyCount "35"]
[EventDate "2006.03.06"]
[EventType "swiss"]
[EventRounds "9"]
[EventCountry "GER"]
[SourceTitle "CBM 111 Extra"]
[Source "ChessBase"]
[SourceDate "2006.05.09"]
[SourceVersion "1"]
[SourceVersionDate "2006.05.09"]
[SourceQuality "1"]

1. e4 e5 2. Nf3 Nc6 3. d4 exd4 4. Nxd4 d6 5. Nxc6 bxc6 6. Bd3 Be7 7. 0-0 Nf6 8. Be3 0-0 9. Qd2 Bb7 10. f3 c5 11. c4 Nd7 12. Nc3 c6 13. f4 Nb6 14. a3 a5 15. Qe2 d5 16. exd5 cxd5 17. Qh5 d4 18. Qxh7# 1-0

[Event "Dortmund op"]
[Site "Dortmund"]
[Date "2006.03.06"]
[Round "1.33"]
[White "Dedeck, Silvia"]
[Black "Raskin, Vitaly"]
[Result "0-1"]
[WhiteElo "984"]
[BlackElo "1663"]
[PlyCount "52"]
[EventDate "2006.03.06"]
[EventType "swiss"]
[EventRounds "9"]
[EventCountry "GER"]
[SourceTitle "CBM 111 Extra"]
[Source "ChessBase"]
[SourceDate "2006.05.09"]
[SourceVersion "1"]
[SourceVersionDate "2006.05.09"]
[SourceQuality "1"]

1. d4 d5 2. c4 dxc4 3. e4 e6 4. Bxc4 Nf6 5. Nc3 Bb4 6. e5 Nd5 7. Bd2 Nb6 8. Nce2 Bxd2+ 9. Qxd2 Nxc4 10. Qc2 b5 11. Nf3 Bb7 12. Qd3 Nd7 13. 0-0 a6 14. b3 Ndxe5 15. Nxe5 Nxe5 16. Qg3 Ng6 17. Rad1 Qd6 18. f4 Ne7 19. Qe3 Qd5 20. Rf2 Nf5 21. Qh3 0-0-0 22. Qg4 Ne3 23. Nc3 Nxg4 24. Nxd5 Nxf2 25. Ne7+ Kd7 26. Kxf2 Kxe7 0-1

[Event "Dortmund ABC Serie C-24"]
[Site "Dortmund"]
[Date "2005.10.26"]
[Round "4"]
[White "Thiemig, Rolf"]
[Black "Dedeck, Silvia"]
[Result "0-1"]
[WhiteElo "1215"]
[BlackElo "969"]
[PlyCount "114"]
[EventDate "2005.10.12"]
[EventType "tourn"]
[EventRounds "9"]
[EventCountry "GER"]
[SourceTitle "EXT 2007"]
[Source "ChessBase"]
[SourceDate "2006.11.23"]
[SourceVersion "1"]
[SourceVersionDate "2006.11.23"]
[SourceQuality "1"]

1. b3 d5 2. Bb2 Nc6 3. e3 e5 4. Bb5 Bd6 5. Bxc6+ bxc6 6. Nf3 Qe7 7. 0-0 Nf6 8. h3 0-0 9. d3 Re8 10. Nbd2 a5 11. a3 Ba6 12. c4 h6 13. Qc2 Bb7 14. e4 dxe4 15. dxe4 c5 16. Nh4 Bc8 17. Qd3 Nh5 18. Nf5 Bxf5 19. exf5 Nf4 20. Qe4 Qg5 21. Qf3 Qxf5 22. Ne4 Nxh3+ 23. Kh2 Qxf3 24. gxf3 Nf4 25. Rad1 Rad8 26. Rd2 f5 27. Nc3 Ne6 28. Nb5 Nd4 29. Kg2 Nxb3 30. Rd5 c6 31. Rxd6 cxb5 32. Rxd8 Rxd8 33. cxb5 a4 34. Bxe5 Rc8 35. Rd1 c4 36. b6 Na5 37. Bc7 Nc6 38. Rc1 Na5 39. Rxc4 Nxc4 40. b7 Re8 41. b8Q Rxb8 42. Bxb8 Nxa3 43. f4 Nc2 44. Be5 a3 45. Kf1 a2 46. Ke2 a1Q 47. Bxa1 Nxa1 48. Kd2 Nb3+ 49. Kc3 Nc5 50. Kd4 Ne4 51. f3 Ng3 52. Ke5 g6 53. Kf6 Kh7 54. Kf7 h5 55. Kf6 h4 56. Kg5 h3 57. Kh4 h2 0-1

[Event "Dortmund ABC Serie C-24"]
[Site "Dortmund"]
[Date "2005.10.15"]
[Round "2"]
[White "Plambeck, Joachim"]
[Black "Dedeck, Silvia"]
[Result "0-1"]
[WhiteElo "1290"]
[BlackElo "969"]
[PlyCount "82"]
[EventDate "2005.10.12"]
[EventType "tourn"]
[EventRounds "9"]
[EventCountry "GER"]
[SourceTitle "EXT 2007"]
[Source "ChessBase"]
[SourceDate "2006.11.23"]
[SourceVersion "1"]
[SourceVersionDate "2006.11.23"]
[SourceQuality "1"]

1. e4 e5 2. Nf3 Nc6 3. Bb5 Bc5 4. 0-0 Nf6 5. Re1 0-0 6. c3 d6 7. d4 a6 8. Ba4 exd4 9. cxd4 Bb6 10. Bg5 Bg4 11. Bxc6 bxc6 12. Be3 Nxe4 13. Qc2 Bxf3 14. gxf3 Ng5 15. Qxc6 Qf6 16. Nd2 Bxd4 17. Bxd4 Qxd4 18. Qc2 Nh3+ 19. Kg2 Qh4 20. Ne4 Nf4+ 21. Kh1 Rfe8 22. Rg1 d5 23. Rg4 Qh6 24. Ng3 g6 25. Qxc7 Nd3 26. Qc2 Re1+ 27. Rxe1 Nxe1 28. Qe2 Qc1 29. Rd4 Nc2+ 30. Rd1 Qxb2 31. Rxd5 Qxa2 32. Re5 Qa1+ 33. Kg2 Kf8 34. Rc5 Nd4 35. Qe3 Kg7 36. Qe5+ Kg8 37. Rd5 Nc2 38. Qe2 Rc8 39. Qd2 Ne1+ 40. Kh3 Nxf3 41. Qe2 Ng1+ 0-1

[Event "Dortmund ABC Serie Anfaenger-23"]
[Site "Dortmund"]
[Date "2005.04.27"]
[Round "4"]
[White "Wilke, Thomas"]
[Black "Dedeck, Silvia"]
[Result "1-0"]
[WhiteElo "846"]
[BlackElo "1008"]
[PlyCount "73"]
[EventDate "2005.04.13"]
[EventType "tourn"]
[EventRounds "13"]
[EventCountry "GER"]
[SourceTitle "EXT 2007"]
[Source "ChessBase"]
[SourceDate "2006.11.23"]
[SourceVersion "1"]
[SourceVersionDate "2006.11.23"]
[SourceQuality "1"]

1. d4 Nf6 2. Bg5 g6 3. Bxf6 exf6 4. e3 Bg7 5. c4 d6 6. h3 0-0 7. Nc3 Nd7 8. Be2 f5 9. Bf3 Nb6 10. b3 c5 11. Nge2 Nd7 12. 0-0 Rb8 13. Qc2 Re8 14. dxc5 Nxc5 15. Rad1 Qf6 16. Rd2 b6 17. Rfd1 Re6 18. Nb5 Ne4 19. Bxe4 fxe4 20. Nxd6 Qh4 21. Nf4 Re7 22. c5 Bf5 23. cxb6 axb6 24. Rd5 Be5 25. Nxf5 gxf5 26. Ne2 Re6 27. Nd4 Bxd4 28. R1xd4 Qf6 29. Qc7 Rbe8 30. Qf4 Re5 31. Rd6 Qg7 32. Rxb6 Qf8 33. b4 R8e6 34. Rxe6 Rxe6 35. Qxf5 Qe8 36. Qg5+ Kf8 37. Rd8 1-0